000 00230nam a22000857a 4500
008 160705b xxu||||| |||| 00| 0 eng d
100 _92269
_a Bahri, H
245 _aEnglish - Hindi Dictionary
260 _aNew Delhi
_b Rajpal & Sons
_c2004
999 _c1951
_d1951